000 00519nam a2200217Ia 4500
003 OSt
005 20221005122552.0
006 a|||||r|||| 00| 0
007 ta
008 221004b |||||||| |||| 00| 0 tam d
024 _a51700
037 _cTextual
040 _aCRL
_cCRL
_btam
041 _2tam
_atam
082 _aU287.1, 31K3
100 _aIradha
_9632191
245 0 _aKalanilai iyal
650 _aGEOGRAPHY
942 _hU287.1, 31K3
_cTEXL
_2cc
999 _c1044671
_d1044671